Libertad y necesidad (Registro nro. 5493)
[ vista simple ]
| 000 -LEADER | |
|---|---|
| fixed length control field | 00967 a2200217 4500 |
| 001 - CONTROL NUMBER | |
| control field | 54329 |
| 005 - DATE AND TIME OF LATEST TRANSACTION | |
| control field | 20260407155815.0 |
| 008 - FIXED-LENGTH DATA ELEMENTS--GENERAL INFORMATION | |
| fixed length control field | 260407a1970 arg spa d |
| 003 - CONTROL NUMBER IDENTIFIER | |
| control field | AR-UNSa-BCEJYS |
| 040 ## - CATALOGING SOURCE | |
| Original cataloging agency | AR-UNSa-BCEJYS |
| Language of cataloging | spa |
| Transcribing agency | AR-UNSa-BCEJYS |
| 080 ## - UNIVERSAL DECIMAL CLASSIFICATION NUMBER | |
| Universal Decimal Classification number | 316.3 |
| Common auxiliary subdivision | Estructura social. La sociedad como sistema social |
| 041 ## - LANGUAGE CODE | |
| Language code of text/sound track or separate title | spa |
| 100 1# - MAIN ENTRY--PERSONAL NAME | |
| Personal name | Robinson, Joan |
| 245 10 - TITLE STATEMENT | |
| Title | Libertad y necesidad |
| 264 #1 - PRODUCTION, PUBLICATION, DISTRIBUTION, MANUFACTURE, AND COPYRIGHT NOTICE | |
| Place of production, publication, distribution, manufacture | México : |
| Name of producer, publisher, distributor, manufacturer | Siglo Veintiuno editores |
| Date of production, publication, distribution, manufacture, or copyright notice | 1970 |
| 300 ## - PHYSICAL DESCRIPTION | |
| Extent | 154 p. |
| Dimensions | 18 cm. |
| 505 ## - FORMATTED CONTENTS NOTE | |
| Formatted contents note | 1. El origen de la sociedad - 2. Economías aisladas - 3. Tierra y trabajo - 4. raza y clase - 5. Comercio y nacionalidad - 6. Expansión capitalista - 7. Intermedio de confusión - 8. La industria y el estado - 9. El nuevo mercantilismo - 10. Abundancia socialista - 11. Otro camino - 12. El tercer mundo - 13. Falsos profetas - 14. Ciencia y moralidad |
| 590 ## - LOCAL NOTE (RLIN) | |
| Local note | niveau_biblio:m niveau_hierar:0 |
| 700 1# - ADDED ENTRY--PERSONAL NAME | |
| Personal name | González Aramburu, Francisco |
| 942 ## - ADDED ENTRY ELEMENTS (KOHA) | |
| Koha item type | |
| Withdrawn status | Lost status | Damaged status | Not for loan | Home library | Current library | Shelving location | Date acquired | Total checkouts | Full call number | Barcode | Date last seen | Price effective from | Koha item type |
|---|---|---|---|---|---|---|---|---|---|---|---|---|---|
| Biblioteca Prof. Eusebio Cleto del Rey | Biblioteca Prof. Eusebio Cleto del Rey | 07/04/2026 | 316.3 R655 | L23588 | 07/04/2026 | 07/04/2026 | Libro |